01259nam a2200313 a 450000500170000000800400001702000150005704100080007210000170008024500560009725000720015326000480022530000110027350001130028465300230039765300340042065300580045465300550051265300230056765300290059065300220061965300180064165300240065965300340068365300510071765300360076865300670080465300740087120240412122852.0100805e1985||||mx 01 f01 s sp spa d a9682306671 aspa1 aFromm, Erich aAnatomia de la destructividad humana /cErich Fromm a9a ed. bTraducción Felix Blanco; revisión de Ignacio Millán. aMéxico:bSiglo veintiuno editores;c1985. a507 p. aFromm, E. (1985). Anatomía de la destructividad humana. (9a ed.). Buenos Aires : Siglo Veintiuno editores. 4aLos instintivistas aAmbientalistas y conductistas aInstintivismo y conductismo: diferencias y semejanzas 3aEl modo psicoanalitico de comprender la agresión 3aLa neurofisiologia 3aEl comportamiento animal 3aLa paleontologia  aAntropologia  3aLa agresion benigna 3aLa agresion maligna: premisas 3aLa agresion maligna: crueldad y destructividad 3aLa agresion maligna: necrofilia 3aLa agresion maligna: Adolfo Hitler, caso clinico de necrofilia aApéndice: La teoria Freudiana de la agresividad y la destructividad